000
00275nam a22001217a 4500
008
260424b ||||| |||| 00| 0 eng d
041
_a
eng
080
_a
0.1
100
_a
30
101
_a
Histori
245
_a
Jean Claude Faveyrial Historie de L Albanie
942
_2
udc
_c
BK
999
_c
60996
_d
60996